Galaterbrief
Furkejuvvon:
| Váldodahkki: | |
|---|---|
| Materiálatiipa: | Girji |
| Giella: | duiskkagiella |
| Almmustuhtton: |
Stuttgart
Verlag Katholisches Bibelwerk
1986
|
| Preanttus: | 2a. ed |
| Ráidu: | Stuttgarter Kleiner Kommentar: Neues Testament, 9
|
| Fáttát: | |
| Fáddágilkorat: |
Lasit fáddágilkoriid
Eai fáddágilkorat, Lasit vuosttaš fáddágilkora!
|
MARC
| LEADER | 00000cam a2200000 a 4500 | ||
|---|---|---|---|
| 001 | UCE8253 | ||
| 003 | CL-VaPUC | ||
| 008 | 150728e19860000gw |||||||||||||||||ger|d | ||
| 020 | |a 3460153911 | ||
| 082 | 0 | 4 | |a 227.4 |b RAD |2 21 |
| 100 | 0 | |a Radl, Walter |e author |9 580994 | |
| 245 | 1 | 0 | |a Galaterbrief |
| 250 | |a 2a. ed | ||
| 300 | |a 96 p | ||
| 942 | |c BK | ||
| 945 | |d 20150728 02:04:00 |a gsalatino | ||
| 260 | |a Stuttgart |b Verlag Katholisches Bibelwerk |c 1986 | ||
| 650 | 0 | |a Epístolas |9 321181 | |
| 650 | 0 | |a Textos sagrados |9 257605 | |
| 583 | |a last modification |c 20150821 12:51:58 |k Rodrigo Vera | ||
| 490 | 0 | |a Stuttgarter Kleiner Kommentar: Neues Testament, 9 | |
| 999 | |c 360191 |d 360189 | ||
| 952 | |0 0 |1 0 |3 erb |4 0 |6 227_400000000000000_RAD_1986 |7 0 |8 A |9 469843 |a BIBTEO |b BIBTEO |e Casale Rolle, Carlos Ignacio, -2014 |i 5185149 |o 227.4 RAD 1986 |p 5185149 |r 2025-01-17 |w 2019-11-23 |y BK |z Catalogado en:20150728 |k ICR | ||